[Event "IBCA Wch blind 10th"]
[Site "Istanbul"]
[Date "2002.11.21"]
[Round "2"]
[White "Chambers, Colin R"]
[Black "Tavsoli, Hassan"]
[Result "1/2-1/2"]
[WhiteElo "1800"]
[BlackElo "1800"]
[PlyCount "26"]
[EventDate "2002.11.20"]
[EventType "swiss"]
[EventRounds "9"]
[EventCountry "TUR"]
[SourceTitle "EXT 2004"]
[Source "ChessBase"]
[SourceDate "2003.11.25"]
[SourceVersion "1"]
[SourceVersionDate "2003.11.25"]
[SourceQuality "1"]

1. d4 Nf6 2. Nf3 g6 3. g3 Bg7 4. Bg2 0-0 5. 0-0 d6 6. b3 Nbd7 7. Bb2 c6 8. Nbd2 Qc7 9. c4 e5 10. Qc2 Nh5 11. dxe5 dxe5 12. Rad1 Re8 13. Ne4 Bf8 1/2-1/2